ბათუმის შოთა რუსთაველის სახელმწიფო უნივერსიტეტის ბიბლიოთეკა

Механизация и централизация учета в грузовых автотранспортных предприятиях. (ბიბ.ჩანაწერი № 37313)

000 -LEADER
fixed length control field 00852nam a2200229Ia 4500
001 - CONTROL NUMBER
control field 3272
003 - CONTROL NUMBER IDENTIFIER
control field GE_BSU
008 - FIXED-LENGTH DATA ELEMENTS--GENERAL INFORMATION
fixed length control field 181216s||||||||xx |||||||||||||| ||und||
040 ## - CATALOGING SOURCE
Transcribing agency GE_BSU
080 ## - UNIVERSAL DECIMAL CLASSIFICATION NUMBER
Universal Decimal Classification number 656.13+657
100 ## - MAIN ENTRY--PERSONAL NAME
Personal name Савицкий,Б.П. Подольский,В.И. Путинцева,В.С.
245 ## - TITLE STATEMENT
Title Механизация и централизация учета в грузовых автотранспортных предприятиях.
245 ## - TITLE STATEMENT
Remainder of title Учевное пособие.
245 ## - TITLE STATEMENT
Statement of responsibility, etc. Ред. А.П.Седова.
260 ## - PUBLICATION, DISTRIBUTION, ETC.
Place of publication, distribution, etc. М.
260 ## - PUBLICATION, DISTRIBUTION, ETC.
Name of publisher, distributor, etc. Транспорт.
260 ## - PUBLICATION, DISTRIBUTION, ETC.
Date of publication, distribution, etc. 1973.
300 ## - PHYSICAL DESCRIPTION
Extent 408 стр. 21 см.
653 ## - INDEX TERM--UNCONTROLLED
Uncontrolled term Механизация и централизация учета в газовых автотранспортных предприятиях.
942 ## - ADDED ENTRY ELEMENTS (KOHA)
Koha item type წიგნი
ეგზემპლარები
Withdrawn status Lost status Damaged status Not for loan Date acquired Barcode Date last seen Price effective from Koha item type
        2018-12-17 8686 2018-12-17 2018-12-17 წიგნი